Quince poetas franceses contemporáneos (Record no. 185343)

MARC details
000 -LEADER
campo de control de longitud fija 01083nam a2200289 i 4500
001 - NÚMERO DE CONTROL
campo de control 185343
003 - IDENTIFICADOR DE NÚMERO DE CONTROL
campo de control SpMaBN
005 - FECHA Y HORA DE LA ÚLTIMA TRANSACCIÓN
campo de control 20240408152311.0
008 - DATOS DE LONGITUD FIJA--INFORMACIÓN GENERAL
campo de control de longitud fija 160523s2014 sp |||| |dfre d
020 ## - NÚMERO INTERNACIONAL ESTÁNDAR DEL LIBRO
Número Internacional Estándar del Libro 978-84-942755-3-1
080 ## - NÚMERO DE LA CLASIFICACIÓN DECIMAL UNIVERSAL
Número de la Clasificación Decimal Universal 821.133.1-14"19"(082.2)
245 00 - MENCIÓN DEL TÍTULO
Título Quince poetas franceses contemporáneos
Resto del título : antología bilingüe /
Mención de responsabilidad, etc. selección, traducción e introducción de Jeanne Marie ; prólogo de Philippe Biget.
246 3# - FORMA VARIANTE DEL TITULO
Título propio/Titulo breve 15 poetas franceses contemporáneos
250 ## - MENCION DE EDICION
Mención de edición 1ª ed.
260 ## - PUBLICACIÓN, DISTRIBUCIÓN, ETC.
Lugar de publicación, distribución, etc. Madrid :
Nombre del editor, distribuidor, etc. Libros del Aire,
Fecha de publicación, distribución, etc. 2014.
300 ## - DESCRIPCIÓN FÍSICA
Extensión 223 p. ;
Dimensiones 22 cm.
490 1# - MENCIÓN DE SERIE
Mención de serie Jardín cerrado ;
Designación de volumen o secuencia 5/2014
546 ## - NOTA DE IDIOMA
Nota de lengua/lenguaje Textos en francés y traducción en español.
650 #7 - PUNTO DE ACCESO ADICIONAL DE MATERIA--TÉRMINO DE MATERIA
Término de materia o nombre geográfico como elemento de entrada Poesía francesa-
Subdivisión cronológica S.XX
Fuente del encabezamiento o término
9 (RLIN) 16181
700 1# - ENTRADA AGREGADA--NOMBRE PERSONAL
Nombre de persona Marie, Jeanne.
9 (RLIN) 159614
700 1# - ENTRADA AGREGADA--NOMBRE PERSONAL
Nombre de persona Biget, Philippe.
9 (RLIN) 159615
830 0# - PUNTO DE ACCESO ADICIONAL DE SERIE-TÍTULO UNIFORME
Título uniforme Jardín cerrado ;
Designación de volumen o secuencia 5/2014
9 (RLIN) 191108
852 ## - LOCALIZACIÓN
Ubicación ES-MaACL
Número de control de estantería A-13774
itemnumber 192369
Sublocalización o colección R.151009
Ubicación en estantería Depósito 1
Signatura antigua Olim: N-6774
Donativo/Legado Donación: Miguel Losada
903 ## - NOMBRE PERSONAL DE DONANTE
a Losada, Miguel
e Donante
9 74261
942 ## - ELEMENTOS DE ENTRADA SECUNDARIOS (KOHA)
Fuente del sistema de clasificación o colocación Clasificación decimal universal
Tipo de ítem Koha Libro impreso
Holdings
Estatus retirado Estado de pérdida Fuente del sistema de clasificación o colocación Estado de daño No para préstamo Biblioteca de origen Biblioteca actual Ubicación en estantería Fecha de adquisición Fuente de adquisición Total de préstamos Signatura topográfica completa Código de barras Visto por última vez Precio de reemplazo Tipo de ítem Koha
    Clasificación decimal universal     Biblioteca del Ateneo de Madrid Biblioteca del Ateneo de Madrid Depósito 1 23/05/2016 Donación   A-13774 1195270 23/02/2023 23/02/2023 Libro impreso